000 00838nam a2200229 a 4500
005 20240113063549.0
008 081107s1999 mx r 000 0 spa d
020 _a9681857720 (vol. 1)
020 _a9681857739 (vol. 2)
035 _aUPN01000165302
049 _aCG
050 4 _aLC1035.8 M6
_bE3.9
245 0 3 _aLa educación básica en México /
_cIsaías Álvarez García ... [et al.].
260 _aMéxico :
_bLimusa,
_c1999.
300 _a2 v. :
_bcuadros
440 0 _aTextos politécnicos.
_pEducación tecnológica
505 8 _aContenido:
_gv. 1.
_tProyectos nacionales, diagnóstico y prospectiva. --
_gv. 2.
_tExperiencias, modelos y alternativas
650 4 _aEducación básica
_zMéxico
_921103
650 4 _aEducación
_zMéxico
_xHistoria
_9187
700 1 _aÁlvarez García, Isaías,
_ecoaut.
_930729
905 _aLibro
999 _c137414
_d137414